Current veterinary therapy : Small animal practice
Đã lưu trong:
| Príomhúdar: | |
|---|---|
| Formáid: | Leabhar |
| Teanga: | Undetermined |
| Foilsithe: |
Philadelphia
W.B. Saunders
1977
|
| Ábhair: | |
| Clibeanna: |
Cuir Clib Leis
Gan Chlibeanna, Bí ar an gcéad duine leis an taifead seo a chlibeáil!
|
| Thư viện lưu trữ: | Trung tâm Học liệu Trường Đại học Cần Thơ |
|---|
| LEADER | 00573nam a2200205Ia 4500 | ||
|---|---|---|---|
| 001 | CTU_126081 | ||
| 008 | 210402s9999 xx 000 0 und d | ||
| 082 | |a 636.089 | ||
| 082 | |b K59/T6 | ||
| 100 | |a Kirk, Robert W. | ||
| 245 | 0 | |a Current veterinary therapy : | |
| 245 | 0 | |b Small animal practice | |
| 245 | 0 | |c Robert W. Kirk | |
| 260 | |a Philadelphia | ||
| 260 | |b W.B. Saunders | ||
| 260 | |c 1977 | ||
| 650 | |a Veterinary medicine,Pets | ||
| 650 | |x Periodicals,Diseases,Periodicals | ||
| 904 | |i Hiếu | ||
| 980 | |a Trung tâm Học liệu Trường Đại học Cần Thơ | ||